000 00957nam a2200241 i 4500
001 77324
003 ES-MaACL
005 20250816234308.0
007 t|
008 041008s1955 sp ||||1| spa d
080 _a39(460.32 Mallorca)"18"
100 1 _aLudwig Salvator, Erzherzog von Österreich.
_947447
245 1 0 _aCostumbre de los mallorquines :
_b(artesanía y folklore) /
_cLuis Salvador Habsburgo-Lorena ; [traducción del alemán por José Sureda Blanes].
260 _aPalma de Mallorca :
_b[s.n.],
_c1955 (
_fImp. Mossén Alcover)
300 _aVIII, 202 p., 7 lám. :
_bil. ;
_c24 cm.
490 1 _aLas Baleares descritas por la palabra y el grabado
651 4 _aMallorca-
_xUsos y costumbres.
_9173692
651 4 _aMallorca-
_xHistoria.
_99016
700 1 _aSureda Blanes, Josep.
_9204057
830 1 4 _aLas Baleares descritas por la palabra y el grabado
_9231343
852 _aES-MaACL
_jC-9482
999 _c77324
_d77324